| 000 | 01105cam a2200301 a 4500 | ||
|---|---|---|---|
| 001 | 15902645 | ||
| 005 | 20170105102852.0 | ||
| 008 | 090911s2009 ohuabo b 001 0 eng | ||
| 010 | _a 2009035723 | ||
| 020 | _a9780896802728 (pb : alk. paper) | ||
| 040 |
_aDLC _cDLC _dDLC |
||
| 043 | _af------ | ||
| 050 | 0 | 0 |
_aGT2853.A35 _bM37 2009 |
| 082 | 0 | 0 |
_a394.1/2 _222 |
| 100 | 1 |
_aMcCann, James, _d1950- |
|
| 245 | 1 | 0 |
_aStirring the pot : _ba history of African cuisine / _cJames C. McCann. |
| 260 |
_aAthens, Ohio : _bOhio University Press, _cc2009. |
||
| 300 |
_axiv, 213 p. _bill., maps, photographs ; _c23 cm. |
||
| 490 | 0 | _aAfrica in world history | |
| 504 | _aIncludes bibliographical references (p. 199-204) and index. | ||
| 650 | 0 |
_aFood habits _zAfrica. |
|
| 650 | 0 |
_aFood preferences _zAfrica. |
|
| 650 | 0 | _aCooking, African. | |
| 651 | 0 |
_aAfrica _xSocial life and customs. |
|
| 906 |
_a7 _bcbc _corignew _d1 _eecip _f20 _gy-gencatlg |
||
| 942 |
_2ddc _cBK |
||
| 999 |
_c14320 _d14320 |
||